[Event "GER-chT U20 Girls"]
[Site "Osnabrueck"]
[Date "2011.12.29"]
[Round "6.3"]
[White "Schaefer, Daniela"]
[Black "Alt, Elisabeth"]
[Result "1-0"]
[WhiteElo "1915"]
[BlackElo "1368"]
[PlyCount "67"]
[EventDate "2011.12.27"]
[EventType "team-swiss"]
[EventRounds "7"]
[EventCountry "GER"]
[SourceTitle "CBM 146 Extra"]
[Source "ChessBase"]
[SourceDate "2012.02.29"]
[SourceVersion "1"]
[SourceVersionDate "2012.02.29"]
[SourceQuality "1"]
[WhiteTeam "Stuttgart Wolfbusch (W)"]
[BlackTeam "Heusweiler SC Reti (W)"]
[WhiteTeamCountry "GER"]
[BlackTeamCountry "GER"]

1. e4 d5 2. exd5 Qxd5 3. Nc3 Qa5 4. d4 c6 5. Bc4 Bf5 6. Nf3 e6 7. Bd2 Nf6 8. h3 Nbd7 9. 0-0 Bb4 10. a3 Bxc3 11. Bxc3 Qc7 12. Re1 0-0 13. Nh4 Bg6 14. Nxg6 hxg6 15. b3 Nd5 16. Bb2 N7f6 17. Bf1 Rad8 18. c4 Ne7 19. Qf3 Nf5 20. Rad1 Kh7 21. b4 Rh8 22. g4 Ne7 23. g5 Ne8 24. Qxf7 Nd6 25. Qxe6 Ndf5 26. Qe5 Qc8 27. d5 cxd5 28. cxd5 Rhg8 29. d6 Nc6 30. Qf4 Rgf8 31. b5 Nb8 32. Bd3 Nxd6 33. Qh4+ Kg8 34. Bxg6 1-0

[Event "GER-chT U20 Girls"]
[Site "Osnabrueck"]
[Date "2011.12.28"]
[Round "4.3"]
[White "Schaefer, Daniela"]
[Black "Rosenfeld, Elisabeth"]
[Result "1-0"]
[WhiteElo "1915"]
[BlackElo "1659"]
[PlyCount "67"]
[EventDate "2011.12.27"]
[EventType "team-swiss"]
[EventRounds "7"]
[EventCountry "GER"]
[SourceTitle "CBM 146 Extra"]
[Source "ChessBase"]
[SourceDate "2012.02.29"]
[SourceVersion "1"]
[SourceVersionDate "2012.02.29"]
[SourceQuality "1"]
[WhiteTeam "Stuttgart Wolfbusch (W)"]
[BlackTeam "Muelheim Nord (W)"]
[WhiteTeamCountry "GER"]
[BlackTeamCountry "GER"]

1. e4 e5 2. Nf3 Nc6 3. Bb5 Nf6 4. 0-0 d6 5. Re1 Be7 6. h3 0-0 7. c3 a6 8. Ba4 b5 9. Bc2 Bb7 10. d4 exd4 11. Nxd4 Ne5 12. Nd2 Qd7 13. Nf1 Rad8 14. Nf5 Rfe8 15. Nxe7+ Rxe7 16. Ng3 d5 17. f4 Nc4 18. e5 Ne8 19. b3 Nb6 20. Nf5 Re6 21. Nd4 Rh6 22. f5 Rh4 23. Bg5 Rxd4 24. cxd4 f6 25. exf6 Nxf6 26. Bxf6 gxf6 27. Qg4+ Kh8 28. Re6 Qf7 29. Rae1 Nc8 30. Qh4 Rf8 31. b4 Qg7 32. R1e2 Qg5 33. Qxg5 fxg5 34. f6 1-0

[Event "BL2 Sued 1112 (Women)"]
[Site "Germany"]
[Date "2011.10.29"]
[Round "1.6"]
[White "Storkebaum, Ulrike"]
[Black "Schaefer, Daniela"]
[Result "0-1"]
[WhiteElo "1849"]
[BlackElo "1927"]
[PlyCount "74"]
[EventDate "2011.10.29"]
[EventType "team-tourn"]
[EventRounds "7"]
[EventCountry "GER"]
[SourceTitle "EXT 2013"]
[Source "ChessBase"]
[SourceDate "2012.11.22"]
[SourceVersion "1"]
[SourceVersionDate "2012.11.22"]
[SourceQuality "1"]
[WhiteTeam "Hofheim (W)"]
[BlackTeam "Deizisau (W)"]
[WhiteTeamCountry "GER"]
[BlackTeamCountry "GER"]

1. e4 d6 2. d4 Nf6 3. Nc3 g6 4. Bc4 Bg7 5. Nge2 0-0 6. 0-0 Nxe4 7. Bxf7+ Rxf7 8. Nxe4 d5 9. Nc5 Nc6 10. Be3 b6 11. Nd3 Ba6 12. c3 e5 13. dxe5 Nxe5 14. Nxe5 Bxe5 15. Re1 Qd6 16. g3 Bb7 17. Nd4 c5 18. f4 Bg7 19. Nf3 Qc6 20. Kf2 d4 21. Bd2 Rd8 22. Rc1 dxc3 23. bxc3 Rfd7 24. Rc2 Qxf3+ 25. Qxf3 Bxf3 26. Bc1 Bb7 27. c4 Bd4+ 28. Kf1 Kf7 29. g4 Re7 30. Rxe7+ Kxe7 31. f5 gxf5 32. gxf5 Kf6 33. Re2 Kxf5 34. Re7 Ba6 35. Rxa7 Bxc4+ 36. Kg2 Rg8+ 37. Kh3 Rg4 0-1

[Event "GER-ch U16 Girls"]
[Site "Oberhof"]
[Date "2011.06.15"]
[Round "6"]
[White "Klek, Hanna Marie"]
[Black "Schaefer, Daniela"]
[Result "1/2-1/2"]
[WhiteElo "2147"]
[BlackElo "1946"]
[PlyCount "75"]
[EventDate "2011.06.11"]
[EventType "swiss"]
[EventRounds "9"]
[EventCountry "GER"]
[SourceTitle "CBM 142 Extra"]
[Source "ChessBase"]
[SourceDate "2011.06.27"]
[SourceVersion "1"]
[SourceVersionDate "2011.06.27"]
[SourceQuality "1"]

1. e4 d6 2. d4 Nf6 3. Nc3 e5 4. Nge2 Nbd7 5. h3 h5 6. Be3 Be7 7. Nc1 c6 8. a4 Qc7 9. Be2 b6 10. 0-0 Bb7 11. f4 0-0-0 12. a5 exd4 13. axb6 axb6 14. Bxd4 Nc5 15. Nb3 Kb8 16. Nd2 Ne6 17. Be3 d5 18. exd5 Nxd5 19. Nxd5 Rxd5 20. c4 Rd7 21. Qc1 Bc5 22. Bxc5 Nxc5 23. b4 Ne6 24. Nb3 c5 25. b5 g6 26. Bf3 Rhd8 27. Bxb7 Qxb7 28. Qe1 Rd3 29. Ra3 R8d6 30. Qe5 Nc7 31. Kh2 Rd8 32. Re1 R8d7 33. Qh8+ Rd8 34. Qe5 R8d7 35. f5 g5 36. Qh8+ Rd8 37. Qe5 R8d7 38. Qh8+ 1/2-1/2

[Event "Stuttgart-chA int"]
[Site "Gerlingen"]
[Date "2011.06.03"]
[Round "3"]
[White "Braeuner, Uwe"]
[Black "Schaefer, Daniela"]
[Result "1-0"]
[WhiteElo "2122"]
[BlackElo "1946"]
[PlyCount "49"]
[EventDate "2011.06.02"]
[EventType "swiss"]
[EventRounds "7"]
[EventCountry "GER"]
[SourceTitle "EXT 2018"]
[Source "ChessBase"]
[SourceDate "2017.10.13"]
[SourceVersion "1"]
[SourceVersionDate "2017.10.13"]
[SourceQuality "1"]

1. d4 d6 2. e4 Nf6 3. Nc3 e5 4. Nf3 Nbd7 5. Bc4 Be7 6. g4 Nb6 7. Be2 Nxg4 8. Rg1 exd4 9. Nxd4 Ne5 10. Rxg7 Ng6 11. Bh6 Bg5 12. Bxg5 Qxg5 13. Ndb5 Kf8 14. Rxg6 Qxg6 15. Nxc7 Rb8 16. Qd4 Rg8 17. 0-0-0 Qh6+ 18. Kb1 Bg4 19. f3 Bd7 20. a4 Rc8 21. a5 Rxc7 22. axb6 axb6 23. Qxb6 Rc6 24. Qd8+ Be8 25. Bb5 1-0

[Event "BL2 Sued 1011 (Women)"]
[Site "Germany"]
[Date "2011.01.09"]
[Round "5.6"]
[White "Schaefer, Daniela"]
[Black "Mijatovic, Andrea"]
[Result "0-1"]
[WhiteElo "1935"]
[BlackElo "1912"]
[PlyCount "50"]
[EventDate "2010.11.06"]
[EventType "team-tourn"]
[EventRounds "7"]
[EventCountry "GER"]
[SourceTitle "EXT 2012"]
[Source "ChessBase"]
[SourceDate "2011.11.24"]
[SourceVersion "1"]
[SourceVersionDate "2011.11.24"]
[SourceQuality "1"]
[WhiteTeam "Deizisau (W)"]
[BlackTeam "Stuttgart Wolfbusch (W)"]
[WhiteTeamCountry "GER"]
[BlackTeamCountry "GER"]

1. e4 c5 2. Nf3 d6 3. d4 cxd4 4. Nxd4 Nf6 5. Nc3 a6 6. h3 e6 7. g4 d5 8. Bg2 Bb4 9. 0-0 Bxc3 10. bxc3 Nxe4 11. Bxe4 dxe4 12. Qe2 Qh4 13. Qxe4 Qxh3 14. Nf5 0-0 15. Ne7+ Kh8 16. Nxc8 Rxc8 17. Rb1 Nd7 18. Qg2 Qxg2+ 19. Kxg2 b5 20. Bb2 Nf6 21. Rh1 Nxg4 22. Rh4 Rc4 23. Rbh1 h6 24. Bc1 Ne5 25. Rh5 Ng6 0-1

[Event "BL2 Sued 1011 (Women)"]
[Site "Germany"]
[Date "2010.12.05"]
[Round "4.5"]
[White "Schaefer, Daniela"]
[Black "Roos, Karin"]
[Result "1-0"]
[WhiteElo "1935"]
[BlackElo "1846"]
[PlyCount "67"]
[EventDate "2010.11.06"]
[EventType "team-tourn"]
[EventRounds "7"]
[EventCountry "GER"]
[SourceTitle "EXT 2012"]
[Source "ChessBase"]
[SourceDate "2011.11.24"]
[SourceVersion "1"]
[SourceVersionDate "2011.11.24"]
[SourceQuality "1"]
[WhiteTeam "Deizisau (W)"]
[BlackTeam "Bayern Muenchen (W)"]
[WhiteTeamCountry "GER"]
[BlackTeamCountry "GER"]

1. e4 d6 2. d4 g6 3. Nc3 Bg7 4. Be3 Nc6 5. Nge2 Nf6 6. f3 0-0 7. Qd2 e5 8. d5 Ne7 9. 0-0-0 Nd7 10. g4 f6 11. h4 Nb6 12. Ng3 Bd7 13. Rg1 Kf7 14. Bh6 Rg8 15. Be3 Qf8 16. Be2 Rd8 17. Kb1 a6 18. Rdf1 Nbc8 19. f4 b5 20. fxe5 dxe5 21. g5 Bh3 22. Rf2 Rd6 23. Rh1 Bd7 24. Bc5 f5 25. Bxd6 Nxd6 26. exf5 Nexf5 27. Nce4 Ke8 28. Nxd6+ Qxd6 29. Nxf5 Bxf5 30. Bd3 Qxd5 31. Rd1 Qe6 32. Bxf5 gxf5 33. Qd8+ Kf7 34. Qxc7+ 1-0

[Event "GER-chT DLM U20"]
[Site "Stuttgart"]
[Date "2010.11.19"]
[Round "4.6"]
[White "Tran, My Linh"]
[Black "Schaefer, Daniela"]
[Result "1-0"]
[WhiteElo "1927"]
[BlackElo "1899"]
[PlyCount "61"]
[EventDate "2010.11.17"]
[EventType "team-tourn"]
[EventRounds "7"]
[EventCountry "GER"]
[SourceTitle "EXT 2022"]
[Source "ChessBase"]
[SourceDate "2021.10.06"]
[SourceVersion "1"]
[SourceVersionDate "2021.10.06"]
[SourceQuality "1"]
[WhiteTeam "Hessen U20"]
[BlackTeam "Wuerttemberg U20"]
[WhiteTeamCountry "GER"]
[BlackTeamCountry "GER"]

1. e4 d6 2. d4 Nf6 3. Nc3 g6 4. Be3 c6 5. a4 Nbd7 6. h3 Qa5 7. Bd3 e5 8. Nf3 Bg7 9. 0-0 0-0 10. Re1 Ne8 11. Bc4 exd4 12. Nxd4 Qb4 13. Bb3 Qa5 14. Qd2 Nc5 15. Bc4 Qc7 16. Bh6 Nf6 17. Bxg7 Kxg7 18. Qg5 h6 19. Qg3 Nh5 20. Qf3 Nf6 21. Qg3 Nh5 22. Qf3 Nf6 23. Rad1 Ne6 24. Qg3 Nxd4 25. Rxd4 Qb6 26. Rxd6 Qxb2 27. Qe5 Be6 28. Bxe6 fxe6 29. Rb1 Qxc2 30. Rxb7+ Kh8 31. Rdd7 1-0

[Event "EU-ch U16 Girls"]
[Site "Batumi"]
[Date "2010.09.27"]
[Round "8"]
[White "Sirkova, Darena"]
[Black "Schaefer, Daniela"]
[Result "1-0"]
[WhiteElo "2094"]
[BlackElo "1935"]
[PlyCount "49"]
[EventDate "2010.09.20"]
[EventType "swiss"]
[EventRounds "9"]
[EventCountry "GEO"]
[SourceTitle "CBM 138 Extra"]
[Source "ChessBase"]
[SourceDate "2010.10.29"]
[SourceVersion "1"]
[SourceVersionDate "2010.10.29"]
[SourceQuality "1"]

1. e4 d5 2. exd5 Nf6 3. Bb5+ Bd7 4. Be2 Nxd5 5. d4 Bf5 6. a3 Nc6 7. c4 Nb6 8. Nf3 e6 9. 0-0 Be7 10. b4 Bf6 11. Bb2 a6 12. Qb3 Nxd4 13. Nxd4 Bxd4 14. Rd1 e5 15. Bxd4 exd4 16. c5 Nd7 17. Qd5 Qf6 18. Qxb7 Rb8 19. Qxc7 0-0 20. Qd6 Qxd6 21. cxd6 Rfe8 22. Bf1 Bc2 23. Rxd4 a5 24. b5 Ne5 25. Nd2 1-0

[Event "EU-ch U16 Girls"]
[Site "Batumi"]
[Date "2010.09.22"]
[Round "3"]
[White "Schaefer, Daniela"]
[Black "Durmaz, Ayca Fatma"]
[Result "0-1"]
[WhiteElo "1935"]
[BlackElo "1812"]
[PlyCount "60"]
[EventDate "2010.09.20"]
[EventType "swiss"]
[EventRounds "9"]
[EventCountry "GEO"]
[SourceTitle "CBM 138 Extra"]
[Source "ChessBase"]
[SourceDate "2010.10.29"]
[SourceVersion "1"]
[SourceVersionDate "2010.10.29"]
[SourceQuality "1"]

1. e4 c5 2. Nf3 d6 3. d4 cxd4 4. Nxd4 Nf6 5. Nc3 a6 6. h3 e6 7. g4 Qc7 8. Bg2 Nc6 9. Nde2 b5 10. a3 Bb7 11. 0-0 Be7 12. Be3 Ne5 13. b3 h5 14. g5 Nh7 15. f4 Ng6 16. Qe1 e5 17. f5 Nf4 18. Nxf4 exf4 19. Bxf4 Bxg5 20. Bxg5 Nxg5 21. Nd5 Qc5+ 22. Kh1 Rc8 23. f6 g6 24. c3 h4 25. b4 Qa7 26. e5 dxe5 27. Qxe5+ Ne6 28. Qd6 Bc6 29. Rae1 Qd7 30. Qe5 Rh5 0-1

[Event "GER-ch U16 Girls"]
[Site "Oberhof"]
[Date "2010.05.29"]
[Round "9"]
[White "Klek, Hanna Marie"]
[Black "Schaefer, Daniela"]
[Result "1-0"]
[WhiteElo "2133"]
[BlackElo "1917"]
[PlyCount "117"]
[EventDate "2010.05.22"]
[EventType "swiss"]
[EventRounds "9"]
[EventCountry "GER"]
[SourceTitle "CBM 136 Extra"]
[Source "ChessBase"]
[SourceDate "2010.07.02"]
[SourceVersion "2"]
[SourceVersionDate "2010.07.15"]
[SourceQuality "1"]

1. e4 d6 2. f4 Nf6 3. Nc3 d5 4. exd5 Nxd5 5. Qf3 Nf6 6. Bc4 Nc6 7. Nge2 e6 8. d3 Bc5 9. Bd2 Bd7 10. Ne4 Nxe4 11. dxe4 Qe7 12. c3 0-0-0 13. 0-0-0 a5 14. Kb1 a4 15. Be3 Na5 16. Bd3 Kb8 17. Qf2 Bxe3 18. Qxe3 a3 19. b3 e5 20. g3 Rhe8 21. Rhf1 f6 22. Bc2 Bc6 23. Rxd8+ Rxd8 24. fxe5 fxe5 25. Nc1 Bb5 26. Rf5 Bd7 27. Qg5 Re8 28. Qxe7 Rxe7 29. Rf8+ Ka7 30. Bd3 Be6 31. Kc2 h6 32. Be2 Kb6 33. Nd3 Bd7 34. Bf3 Be6 35. Bg2 Bd7 36. c4 Nc6 37. Kc3 Bg4 38. b4 Nd4 39. Nf2 Bh5 40. Bf1 Rf7 41. Rxf7 Bxf7 42. Nd3 Nf3 43. Be2 Ng1 44. Bg4 Bg6 45. Nxe5 Bxe4 46. Kb3 Bg2 47. Kxa3 Nh3 48. Kb3 c6 49. a4 Nf2 50. Be2 Kc7 51. Kc3 Kd6 52. Kd4 Nh3 53. a5 Ng5 54. Bg4 Ne6+ 55. Bxe6 Kxe6 56. Nd3 Kd6 57. Nc5 Kc7 58. Ne6+ Kd6 59. Nxg7 1-0

[Event "GER-ch U16 Girls"]
[Site "Oberhof"]
[Date "2010.05.26"]
[Round "6"]
[White "Schaefer, Daniela"]
[Black "Tran, My Linh"]
[Result "1-0"]
[WhiteElo "1917"]
[BlackElo "1801"]
[PlyCount "55"]
[EventDate "2010.05.22"]
[EventType "swiss"]
[EventRounds "9"]
[EventCountry "GER"]
[SourceTitle "CBM 136 Extra"]
[Source "ChessBase"]
[SourceDate "2010.07.02"]
[SourceVersion "2"]
[SourceVersionDate "2010.07.15"]
[SourceQuality "1"]

1. e4 e5 2. Nf3 Nc6 3. Bb5 f5 4. Nc3 Nd4 5. exf5 Nxb5 6. Nxb5 d6 7. 0-0 Bxf5 8. Re1 Nf6 9. Nxe5 Be7 10. Nf3 0-0 11. Nbd4 Bg4 12. h3 Bd7 13. Qe2 Re8 14. d3 Bf8 15. Qf1 c5 16. Nb3 Qc7 17. Bf4 Qc6 18. Nbd2 Nd5 19. Bg3 Be7 20. c3 Qb6 21. Nc4 Qc6 22. Ne3 Nf6 23. Nd2 d5 24. Nf3 Qb6 25. Rab1 Nh5 26. Nxd5 Nxg3 27. Nxb6 Nxf1 28. Nxa8 1-0

[Event "GER-ch U16 Girls"]
[Site "Oberhof"]
[Date "2010.05.25"]
[Round "5"]
[White "Kuehnel, Lena"]
[Black "Schaefer, Daniela"]
[Result "0-1"]
[WhiteElo "1858"]
[BlackElo "1917"]
[PlyCount "86"]
[EventDate "2010.05.22"]
[EventType "swiss"]
[EventRounds "9"]
[EventCountry "GER"]
[SourceTitle "CBM 136 Extra"]
[Source "ChessBase"]
[SourceDate "2010.07.02"]
[SourceVersion "2"]
[SourceVersionDate "2010.07.15"]
[SourceQuality "1"]

1. e4 d6 2. d4 Nf6 3. Nc3 e5 4. Nf3 Nbd7 5. Bc4 Be7 6. 0-0 0-0 7. Re1 c6 8. a4 b6 9. d5 cxd5 10. Nxd5 Bb7 11. b3 Rc8 12. Re2 Nc5 13. Nxf6+ Bxf6 14. Bd5 Bxd5 15. Qxd5 Ne6 16. g3 Be7 17. Ba3 Qc7 18. Rd1 Rcd8 19. Red2 h5 20. h4 Qc8 21. Qb5 Nc5 22. Qe2 Qg4 23. Bxc5 bxc5 24. Ng5 Qxe2 25. Rxe2 Rc8 26. Red2 f6 27. Ne6 Rfe8 28. f4 Kf7 29. f5 c4 30. b4 c3 31. Re2 Rc4 32. Rb1 Rb8 33. b5 Rxa4 34. Nc7 Rc4 35. Nd5 Rc5 36. b6 axb6 37. Rxb6 Rxb6 38. Nxb6 Bd8 39. Nd5 g6 40. fxg6+ Kxg6 41. Re3 Rxd5 42. exd5 Bb6 43. Kf2 Kf5 0-1

[Event "GER-ch U16 Girls"]
[Site "Oberhof"]
[Date "2010.05.23"]
[Round "2"]
[White "Schaefer, Daniela"]
[Black "Bruehan, Caren"]
[Result "1-0"]
[WhiteElo "1917"]
[BlackElo "1458"]
[PlyCount "49"]
[EventDate "2010.05.22"]
[EventType "swiss"]
[EventRounds "9"]
[EventCountry "GER"]
[SourceTitle "CBM 136 Extra"]
[Source "ChessBase"]
[SourceDate "2010.07.02"]
[SourceVersion "2"]
[SourceVersionDate "2010.07.15"]
[SourceQuality "1"]

1. e4 c5 2. Nf3 Nc6 3. Bb5 e6 4. 0-0 Nge7 5. c3 g6 6. d4 b6 7. Be3 cxd4 8. cxd4 d5 9. Ne5 Bd7 10. Ng4 Bg7 11. e5 Nf5 12. Nc3 h5 13. Nf6+ Bxf6 14. exf6 Qxf6 15. Qa4 Nb8 16. Bxd7+ Nxd7 17. Nb5 0-0 18. Nc7 Rad8 19. Qxa7 Nxd4 20. Bh6 Nc6 21. Qa4 Ncb8 22. Bxf8 Kxf8 23. Qb4+ Kg8 24. Rac1 Rc8 25. Nxd5 1-0

[Event "GER-ch U16 Girls"]
[Site "Oberhof"]
[Date "2010.05.23"]
[Round "1"]
[White "Schmitt, Katrin"]
[Black "Schaefer, Daniela"]
[Result "1/2-1/2"]
[WhiteElo "1728"]
[BlackElo "1917"]
[PlyCount "61"]
[EventDate "2010.05.22"]
[EventType "swiss"]
[EventRounds "9"]
[EventCountry "GER"]
[SourceTitle "CBM 136 Extra"]
[Source "ChessBase"]
[SourceDate "2010.07.02"]
[SourceVersion "2"]
[SourceVersionDate "2010.07.15"]
[SourceQuality "1"]

1. e4 d6 2. d4 Nf6 3. Nc3 e5 4. Nf3 Nbd7 5. h3 c6 6. Bc4 Be7 7. dxe5 Nxe5 8. Nxe5 dxe5 9. Qxd8+ Bxd8 10. Be3 b5 11. Bd3 Bb6 12. Bxb6 axb6 13. 0-0 Be6 14. a3 0-0 15. Rad1 Rfd8 16. Rfe1 Nh5 17. Ne2 Rd7 18. g4 Nf4 19. Nxf4 exf4 20. Kg2 Rad8 21. Be2 Rxd1 22. Rxd1 Rxd1 23. Bxd1 g5 24. f3 Kg7 25. Kf2 Kf6 26. Ke1 Ke5 27. Kd2 h5 28. Be2 h4 29. Kd3 Bc4+ 30. Kd2 Be6 31. Kd3 1/2-1/2

[Event "Stuttgart-chA int"]
[Site "Ditzingen"]
[Date "2010.05.14"]
[Round "4"]
[White "Schaefer, Daniela"]
[Black "Klaus, Daniel"]
[Result "1-0"]
[WhiteElo "1917"]
[BlackElo "1985"]
[PlyCount "63"]
[EventDate "2010.05.13"]
[EventType "swiss"]
[EventRounds "7"]
[EventCountry "GER"]
[SourceTitle "EXT 2018"]
[Source "ChessBase"]
[SourceDate "2017.10.13"]
[SourceVersion "1"]
[SourceVersionDate "2017.10.13"]
[SourceQuality "1"]

1. d4 d5 2. c4 c6 3. Nf3 Nf6 4. Qc2 e6 5. g3 Bd6 6. Bg2 Nbd7 7. 0-0 0-0 8. Nbd2 Re8 9. e4 dxe4 10. Nxe4 Nxe4 11. Qxe4 e5 12. Ng5 Nf6 13. Qd3 exd4 14. Qxd4 Qc7 15. Be3 Bf5 16. Rad1 Be5 17. Qd2 Rad8 18. Qc1 Bd3 19. Rfe1 Qa5 20. Nf3 Bb8 21. a3 Be4 22. Rxd8 Rxd8 23. Rd1 Rxd1+ 24. Qxd1 c5 25. Bg5 Bc6 26. Bxf6 gxf6 27. Nh4 Bxg2 28. Qg4+ Kf8 29. Qc8+ Kg7 30. Nf5+ Kg6 31. Ne7+ Kh6 32. Qf8+ 1-0

[Event "Staufer op 22nd"]
[Site "Schwaebisch Gmuend"]
[Date "2010.01.02"]
[Round "1"]
[White "Schaefer, Daniela"]
[Black "Buhmann, Rainer"]
[Result "0-1"]
[WhiteElo "1911"]
[BlackElo "2591"]
[PlyCount "60"]
[EventDate "2010.01.02"]
[EventType "swiss"]
[EventRounds "9"]
[EventCountry "GER"]
[SourceTitle "CBM 134 Extra"]
[Source "ChessBase"]
[SourceDate "2010.03.03"]
[SourceVersion "1"]
[SourceVersionDate "2010.03.03"]
[SourceQuality "1"]

1. e4 e5 2. Nf3 Nc6 3. Bb5 Nf6 4. 0-0 Nxe4 5. Re1 Nd6 6. Nxe5 Be7 7. Nxc6 dxc6 8. Bd3 0-0 9. b3 Bf6 10. Nc3 Be6 11. Bb2 Re8 12. Rb1 Qd7 13. h3 Bf5 14. Bxf5 Qxf5 15. d3 Qa5 16. Ne2 Bxb2 17. Rxb2 Re6 18. a4 Rae8 19. Rb1 Nf5 20. c3 Nh4 21. Qd2 Qd5 22. Nf4 Qxg2+ 23. Nxg2 Nf3+ 24. Kh1 Nxd2 25. Rxe6 Rxe6 26. Rb2 Nf3 27. Nf4 Rf6 28. Re2 Kf8 29. Nh5 Rh6 30. Ng3 Ng5 0-1

[Event "GER-chT U20"]
[Site "Chemnitz"]
[Date "2009.12.29"]
[Round "5.4"]
[White "Schulz, Marcel"]
[Black "Schaefer, Daniela"]
[Result "1/2-1/2"]
[WhiteElo "1867"]
[BlackElo "1897"]
[PlyCount "91"]
[EventDate "2009.12.27"]
[EventType "team-swiss"]
[EventRounds "7"]
[EventCountry "GER"]
[SourceTitle "EXT 2022"]
[Source "ChessBase"]
[SourceDate "2021.10.06"]
[SourceVersion "1"]
[SourceVersionDate "2021.10.06"]
[SourceQuality "1"]
[WhiteTeam "Magdeburg Aufbau Elbe U20"]
[BlackTeam "Tamm 74 U20"]
[WhiteTeamCountry "GER"]
[BlackTeamCountry "GER"]

1. e4 d5 2. Nc3 d4 3. Nce2 e5 4. Ng3 Nf6 5. Nf3 Nbd7 6. Bc4 Bd6 7. d3 Nb6 8. Bb3 Be6 9. Bd2 Qd7 10. Qe2 0-0-0 11. Ng5 Bxb3 12. axb3 h6 13. Nf3 Kb8 14. 0-0 g6 15. Ra5 c5 16. Rfa1 Nc8 17. Be1 Ne8 18. Nf1 b6 19. R5a2 Nc7 20. N1d2 b5 21. Nb1 Ne6 22. Bd2 g5 23. Qe1 Rdf8 24. b4 cxb4 25. Bxb4 Nc7 26. Ra5 f6 27. Bxd6 Qxd6 28. Nbd2 h5 29. Qb1 h4 30. Qa2 g4 31. Ne1 g3 32. fxg3 hxg3 33. hxg3 f5 34. Nef3 Qh6 35. Nf1 fxe4 36. dxe4 d3 37. Kf2 dxc2 38. Ne3 Qc6 39. Rc1 Qxe4 40. Qb3 Qb7 41. Kg1 Rxf3 42. gxf3 Qxf3 43. Rxb5+ Nxb5 44. Qxb5+ Ka8 45. Qd5+ Qxd5 46. Nxd5 1/2-1/2

[Event "BL2 Sued 0910 (Women)"]
[Site "Germany"]
[Date "2009.12.06"]
[Round "4.5"]
[White "Leinenbach, Janine"]
[Black "Schaefer, Daniela"]
[Result "1/2-1/2"]
[WhiteElo "1681"]
[BlackElo "1920"]
[PlyCount "87"]
[EventDate "2009.11.07"]
[EventType "team-tourn"]
[EventRounds "7"]
[EventCountry "GER"]
[SourceTitle "CBM 133 Extra"]
[Source "ChessBase"]
[SourceDate "2010.01.05"]
[SourceVersion "1"]
[SourceVersionDate "2010.01.05"]
[SourceQuality "1"]
[WhiteTeam "Differten (W)"]
[BlackTeam "Deizisau (W)"]
[WhiteTeamCountry "GER"]
[BlackTeamCountry "GER"]

1. c4 d6 2. d4 g6 3. Nc3 Bg7 4. e4 e5 5. d5 f5 6. Bd3 Nf6 7. Nge2 0-0 8. 0-0 Na6 9. exf5 gxf5 10. Ng3 e4 11. Be2 Qe7 12. Bf4 Nd7 13. Qd2 Ne5 14. Rad1 Nc5 15. Nh5 Rf7 16. Bg5 Qf8 17. Nxg7 Qxg7 18. Kh1 a5 19. b3 Ng6 20. Be3 Nd7 21. Bd4 Nf6 22. f3 Nh4 23. g3 Nxf3 24. Bxf3 exf3 25. Rxf3 Qg6 26. Re1 Bd7 27. Rfe3 Raf8 28. Qe2 Ng4 29. Re7 Qg5 30. Rxf7 Rxf7 31. h3 Nf6 32. Qe3 Qxe3 33. Rxe3 Nh5 34. Ne2 f4 35. gxf4 Nxf4 36. Nxf4 Rxf4 37. Rg3+ Kf8 38. Bc3 a4 39. Kg2 axb3 40. axb3 Rf7 41. h4 Bf5 42. Bd2 Be4+ 43. Kg1 Bc2 44. b4 1/2-1/2

[Event "Wuerttemberg-ch Cand"]
[Site "Lindau"]
[Date "2009.09.03"]
[Round "6"]
[White "Schaefer, Daniela"]
[Black "Kleinert, Juergen"]
[Result "1/2-1/2"]
[WhiteElo "1895"]
[BlackElo "2011"]
[PlyCount "57"]
[EventDate "2009.08.29"]
[EventType "swiss"]
[EventRounds "9"]
[EventCountry "GER"]
[SourceTitle "EXT 2023"]
[Source "ChessBase"]
[SourceDate "2022.10.05"]
[SourceVersion "1"]
[SourceVersionDate "2022.10.05"]
[SourceQuality "1"]

1. e4 e5 2. Nf3 d5 3. exd5 Bd6 4. d4 e4 5. Ne5 Nf6 6. Bb5+ c6 7. dxc6 Nxc6 8. Nxc6 Qb6 9. Nxa7+ Bd7 10. Bxd7+ Kxd7 11. Nc3 Rxa7 12. Qe2 Ra5 13. Qc4 Ke7 14. Qb3 Qc6 15. Be3 Rha8 16. a3 b5 17. Rd1 Kf8 18. d5 Qb7 19. 0-0 Rb8 20. Rd4 Qe7 21. Ne2 Be5 22. Bf4 Bxf4 23. Nxf4 Qe5 24. Qb4+ Kg8 25. Qxa5 Qxd4 26. Qc7 Re8 27. Qc3 Qxc3 28. bxc3 g5 29. Ne2 1/2-1/2